000 00395nam a22001457a 4500
003 MACL
005 20170618122456.0
008 170618b xxu||||| |||| 00| 0 eng d
040 _cMACL
100 _aRaina, Col.Puneet
_967571
245 _aWater War in South Asia : Brahmaputra Dam & Diversion
260 _aDelhi
_bNeha Publishers
_c2016
650 _aEnvironment
_967572
942 _2ddc
_cBK
999 _c56592
_d56592